Racionalizace řízení zásobování a odbytu

Salvato in:
Dettagli Bibliografici
Natura: Libro
Lingua:ceco
Pubblicazione: Praha Dům techniky ČSVTS 1985
Tags: Aggiungi Tag
Nessun Tag, puoi essere il primo ad aggiungerne!!

MARC

LEADER 00000nam a2200000 4500
001 c104348
005 20041019155131.7
041 0 |a cze 
044 |a CZ 
245 1 0 |a Racionalizace řízení zásobování a odbytu 
264 1 |a Praha  |b Dům techniky ČSVTS  |c 1985 
300 |a 85 s.